La folie d'Olsen / (Record no. 23888)

MARC details
000 -LEADER
campo de control de longitud fija 00579nam a2200181 i 4500
001 - NÚMERO DE CONTROL
campo de control 23888
003 - IDENTIFICADOR DE NÚMERO DE CONTROL
campo de control ES-MaACL
005 - FECHA Y HORA DE LA ÚLTIMA TRANSACCIÓN
campo de control 20230906152943.0
007 - CAMPO FIJO DE DESCRIPCIÓN FÍSICA--INFORMACIÓN GENERAL
campo de control de longitud fija t|
008 - DATOS DE LONGITUD FIJA--INFORMACIÓN GENERAL
campo de control de longitud fija 021213s1949 fr ||||1| fre d
100 1# - ENTRADA PRINCIPAL--NOMBRE DE PERSONA
Nombre de persona Anker Larsen, J.
9 (RLIN) 21808
245 13 - MENCIÓN DEL TÍTULO
Título La folie d'Olsen /
Mención de responsabilidad, etc. J. Anker Larsen ; roman traduit du danois par Marguerite Gay et Ulla Morvan.
260 ## - PUBLICACIÓN, DISTRIBUCIÓN, ETC.
Lugar de publicación, distribución, etc. París :
Nombre del editor, distribuidor, etc. Albin Michel,
Fecha de publicación, distribución, etc. [1949] (
Lugar de fabricación/manufactura Montrouge :
Fabricante Imp. Moderne)
300 ## - DESCRIPCIÓN FÍSICA
Extensión 429 p. ;
Dimensiones 20 cm.
700 1# - ENTRADA AGREGADA--NOMBRE PERSONAL
Nombre de persona Gay, Margarite.
9 (RLIN) 56107
700 1# - ENTRADA AGREGADA--NOMBRE PERSONAL
Nombre de persona Morvan, Ulla.
9 (RLIN) 83734
852 ## - LOCALIZACIÓN
Ubicación ES-MaACL
Número de control de estantería D-5438
Sublocalización o colección R.29946
Holdings
Estatus retirado Estado de pérdida Estado de daño No para préstamo Biblioteca de origen Biblioteca actual Ubicación en estantería Fecha de adquisición Fuente de adquisición Total de préstamos Signatura topográfica completa Código de barras Visto por última vez Precio de reemplazo Tipo de ítem Koha
        Biblioteca del Ateneo de Madrid Biblioteca del Ateneo de Madrid Sala Valle Inclán 17/01/2008     D-5438 901024620 23/02/2023 23/02/2023 Libro impreso